Modelo de evaluación del desempeño docente basado en competencias en la República Dominicana (Registro nro. 4171)
[ vista simple ]
| 000 -LEADER | |
|---|---|
| campo de control de longitud fija | 00772nam a22002057a 4500 |
| 001 - NÚMERO DE CONTROL | |
| campo de control | 16428 |
| 005 - FECHA Y HORA DE LA ÚLTIMA TRANSACCIÓN | |
| campo de control | 20250530020920.0 |
| 008 - DATOS DE LONGITUD FIJA--INFORMACIÓN GENERAL | |
| campo de control de longitud fija | 5230202012 dr |
| 020 ## - NÚMERO INTERNACIONAL ESTÁNDAR DEL LIBRO | |
| Número Internacional Estándar del Libro | 978-9945-8859-0-3 |
| 082 ## - NÚMERO DE LA CLASIFICACIÓN DECIMAL DEWEY | |
| Número de clasificación | RD 371.1R2991m |
| 110 ## - ENTRADA PRINCIPAL--NOMBRE DE ENTIDAD CORPORATIVA | |
| Nombre de entidad corporativa o nombre de jurisdicción como elemento de entrada | República Dominicana. Ministerio de Educación |
| 245 ## - MENCIÓN DEL TÍTULO | |
| Título | Modelo de evaluación del desempeño docente basado en competencias en la República Dominicana |
| Mención de responsabilidad, etc. | Ministerio de Educación. |
| 260 ## - PUBLICACIÓN, DISTRIBUCIÓN, ETC. | |
| Lugar de publicación, distribución, etc. | República Dominicana : |
| Nombre del editor, distribuidor, etc. | IDEICE |
| Fecha de publicación, distribución, etc. | 2012 |
| 300 ## - DESCRIPCIÓN FÍSICA | |
| Extensión | 69 p. ; |
| Dimensiones | 28 cm. |
| 650 ## - PUNTO DE ACCESO ADICIONAL DE MATERIA--TÉRMINO DE MATERIA | |
| Término de materia o nombre geográfico como elemento de entrada | 1. Calidad de la Educación-República Dominicana |
| 650 ## - PUNTO DE ACCESO ADICIONAL DE MATERIA--TÉRMINO DE MATERIA | |
| Término de materia o nombre geográfico como elemento de entrada | 2.Evaluación Académica-República Dominicana |
| 650 ## - PUNTO DE ACCESO ADICIONAL DE MATERIA--TÉRMINO DE MATERIA | |
| Término de materia o nombre geográfico como elemento de entrada | 3.Maestros-República Dominicana |
| 650 ## - PUNTO DE ACCESO ADICIONAL DE MATERIA--TÉRMINO DE MATERIA | |
| Término de materia o nombre geográfico como elemento de entrada | 4.Personal Docente-República Dominicana. |
| 700 ## - ENTRADA AGREGADA--NOMBRE PERSONAL | |
| Nombre de persona | 0. @@10901A! |
| Estatus retirado | Estado de pérdida | Estado de daño | No para préstamo | Colección | Biblioteca de origen | Biblioteca actual | Fecha de adquisición | Total de préstamos | Signatura topográfica completa | Código de barras | Visto por última vez | Copia número | Precio de reemplazo | Tipo de ítem Koha |
|---|---|---|---|---|---|---|---|---|---|---|---|---|---|---|
| Acervo general de Libros | Biblioteca Central Mons. Favio M. Rivas S. | Biblioteca Central Mons. Favio M. Rivas S. | 16/11/2017 | RD 371.1R2991m | 000000006224 | 23/05/2025 | 1 | 23/05/2025 | Libros |
